00676nam a2200229 a 4500001001300000003000900013005001700022008004100039020002300080082001800103100002000121245003400141260003200175300000900207500003500216505002400251650002000275902000800295942000700303952011900310999001700429nice12345678IN_TiNIC20260116013310.0050524s1998 dela grp 000 0 eng  a8173915 c39500a301.0954bPAL aPalanithurai, G aEthnic Movement in Transition aDelhibKanishka Pub. c1998 a232p aincludes index and biblioraphy2 aBibliography, Index aEthnology-India bSRS cBK 001040708StackRoom-aHMIbHMId2007-08-01g395.00l0o301.0954 PALp019447r2007-08-01v395.00w2005-05-24yBK c10469d10469